[Event "National op"]
[Site "Las Vegas USA"]
[Date "2004.06.18"]
[Round "2"]
[White "Steigman, AJ."]
[Black "Kriventsov, Stanislav"]
[Result "1/2-1/2"]
[WhiteElo "2242"]
[BlackElo "2415"]
[PlyCount "118"]
[EventDate "2004.06.18"]
[EventType "swiss"]
[EventRounds "6"]
[EventCountry "USA"]
[Source "Mark Crowther"]
[SourceDate "2004.06.28"]

1. e4 c5 2. Nc3 Nc6 3. g3 g6 4. Bg2 Bg7 5. d3 d6 6. Nge2 e6 7. O-O Nge7 8. Bg5
O-O 9. Qd2 Re8 10. h3 Rb8 11. g4 Qd7 12. Bh6 Bh8 13. f4 f5 14. Ng3 Nd4 15. Rae1
b6 16. Nd1 d5 17. gxf5 gxf5 18. c3 dxe4 19. cxd4 Qxd4+ 20. Rf2 Qxd3 21. Qxd3
exd3 22. Ne3 Bd4 23. Rd2 c4 24. Kh2 Ba6 25. Nd1 Kf7 26. Bg5 Ng6 27. Bc6 Rh8 28.
Bd7 Bc8 29. Bb5 h6 30. Bxc4 hxg5 31. Nxf5 Bc5 32. fxg5 b5 33. Bb3 Nf4 34. h4
Kg6 35. Nh6 Kh5 36. Nc3 Kxh4 37. Ne4 Bb7 38. Nxc5 Kxg5 39. Rg1+ Kxh6 40. Nxe6
Nxe6 41. Bxe6 Rbd8 42. Rg3 Be4 43. Kg1 Bg6 44. Rh2+ Kg7 45. Rxh8 Kxh8 46. Rxg6
d2 47. Bb3 d1=Q+ 48. Bxd1 Rxd1+ 49. Kf2 Rd2+ 50. Ke3 Rxb2 51. Ra6 Kg7 52. Kd3
Rb4 53. Rxa7+ Kf6 54. Kc3 Ra4 55. Rxa4 bxa4 56. Kb4 Ke5 57. Kxa4 Kd6 58. Kb5
Kc7 59. Ka6 Kb8 1/2-1/2

[Event "National op"]
[Site "Las Vegas USA"]
[Date "2004.06.19"]
[Round "4"]
[White "Ehlvest, Jaan"]
[Black "Kriventsov, Stanislav"]
[Result "1-0"]
[WhiteElo "2596"]
[BlackElo "2415"]
[PlyCount "81"]
[EventDate "2004.06.18"]
[EventType "swiss"]
[EventRounds "6"]
[EventCountry "USA"]
[Source "Mark Crowther"]
[SourceDate "2004.06.28"]

1. d4 Nf6 2. c4 g6 3. Nc3 d5 4. Nf3 Bg7 5. Qb3 dxc4 6. Qxc4 O-O 7. e4 Na6 8.
Be2 c5 9. d5 e6 10. O-O exd5 11. exd5 Bf5 12. Be3 Re8 13. Rad1 Ne4 14. Nxe4
Rxe4 15. Qc1 Qf6 16. Bd3 Rb4 17. Bxf5 Qxf5 18. b3 Rd8 19. Nd2 Rxd5 20. Nc4 b5
21. Rxd5 Qxd5 22. Rd1 Qa8 23. Nd6 Qc6 24. Nf5 Qe8 25. Nxg7 Kxg7 26. Bxc5 Re4
27. Bxa7 Nc7 28. Bd4+ Kg8 29. g3 Nd5 30. Bb2 Qe6 31. Qd2 Re2 32. Qd4 f6 33.
Qxd5 Qxd5 34. Rxd5 Rxb2 35. Rxb5 Rxa2 36. Rb7 g5 37. Kg2 g4 38. Rb4 h5 39. Rb5
Rb2 40. Rxh5 Rxb3 41. Rf5 1-0

[Event "Eastern op"]
[Site "Washington USA"]
[Date "2003.12.28"]
[Round "6"]
[White "Kaufman, Larry"]
[Black "Kriventsov, Stanislav"]
[Result "0-1"]
[WhiteElo "2391"]
[BlackElo "2416"]
[PlyCount "64"]
[EventDate "2003.12.26"]
[EventType "swiss"]
[EventRounds "8"]
[EventCountry "USA"]
[Source "Mark Crowther"]
[SourceDate "2004.01.05"]

1. e4 c5 2. Nf3 e6 3. b3 d6 4. Bb5+ Bd7 5. Bxd7+ Nxd7 6. Bb2 Ngf6 7. Qe2 g6 8.
O-O Bg7 9. d4 cxd4 10. Nxd4 a6 11. c4 Qb6 12. Rd1 O-O 13. Nc3 Rfe8 14. Qd2 Nc5
15. Re1 Ng4 16. Rad1 Ne5 17. Qe3 Nxc4 18. bxc4 Qxb2 19. Rb1 Qa3 20. Nb3 Rac8
21. Ne2 Qxa2 22. Nxc5 Rxc5 23. Rxb7 Qxc4 24. h3 Rb5 25. Ra7 Rb2 26. Qf3 Rf8 27.
Rd7 Qb4 28. Rc1 Qb5 29. Rcc7 Qxe2 30. Rxf7 Rb1+ 31. Kh2 Be5+ 32. g3 Qxf3 0-1

[Event "Eastern op"]
[Site "Washington USA"]
[Date "2003.12.29"]
[Round "7"]
[White "Kriventsov, Stanislav"]
[Black "Betaneli, Aleksandr"]
[Result "1-0"]
[WhiteElo "2416"]
[BlackElo "2248"]
[PlyCount "69"]
[EventDate "2003.12.26"]
[EventType "swiss"]
[EventRounds "8"]
[EventCountry "USA"]
[Source "Mark Crowther"]
[SourceDate "2004.01.05"]

1. e4 e5 2. Nf3 Nc6 3. Bb5 a6 4. Ba4 d6 5. c3 Bd7 6. O-O Nge7 7. d4 Ng6 8. Re1
Be7 9. Nbd2 O-O 10. Nf1 Nh4 11. Nxh4 Bxh4 12. Ne3 Bg5 13. dxe5 dxe5 14. Nd5
Bxc1 15. Rxc1 Nb8 16. Bb3 Be6 17. Qh5 Nd7 18. Rcd1 c6 19. Ne3 g6 20. Qe2 Qe7
21. Bxe6 Qxe6 22. Qg4 Qxg4 23. Nxg4 Nc5 24. Nxe5 Rfe8 25. Ng4 Kg7 26. f3 Rad8
27. Nf2 Na4 28. Rxd8 Rxd8 29. Rd1 Re8 30. Rd2 Re7 31. Nd1 f5 32. exf5 gxf5 33.
Kf2 Nb6 34. Ne3 f4 35. Nf5+ 1-0

[Event "World op"]
[Site "Philadelphia USA"]
[Date "2003.07.03"]
[Round "4"]
[White "Kriventsov, Stanislav"]
[Black "Hanken, Jerome"]
[Result "1-0"]
[WhiteElo "2408"]
[BlackElo "2063"]
[PlyCount "123"]
[EventDate "2003.06.30"]
[EventType "swiss"]
[EventRounds "9"]
[EventCountry "USA"]
[Source "Mark Crowther"]
[SourceDate "2003.07.07"]

1. e4 g6 2. d4 Bg7 3. Nc3 c6 4. Nf3 d5 5. h3 Nf6 6. Bd3 O-O 7. O-O Nbd7 8. e5
Ne8 9. Ne2 Nc7 10. Nf4 e6 11. h4 f6 12. exf6 Nxf6 13. Re1 Ng4 14. h5 g5 15. Nh3
h6 16. Nfxg5 e5 17. Nh7 Nxf2 18. Nxf2 Rxf2 19. dxe5 Qh4 20. Re3 d4 21. Qe1 dxe3
22. Bxe3 Rxg2+ 23. Kxg2 Qh3+ 24. Kg1 Bxe5 25. Qf2 Bg4 26. Be4 Bh2+ 27. Qxh2
Qxe3+ 28. Qf2 Qxf2+ 29. Kxf2 Kh8 30. Nf6 Rf8 31. Kg3 Bc8 32. Ng4 Bxg4 33. Kxg4
Ne6 34. Re1 Rf4+ 35. Kg3 Rf6 36. Rd1 Nf8 37. Kg4 Kg7 38. Bf5 Rf7 39. Rd6 c5 40.
Kf4 Re7 41. a4 b6 42. Rc6 Rb7 43. b3 Rf7 44. Ke4 Rf6 45. Rc7+ Rf7 46. Rxf7+
Kxf7 47. Kd5 Kf6 48. Bg4 Kg5 49. Be2 Kf4 50. Kc6 Ke5 51. Kb7 Kd6 52. Kxa7 Kc7
53. Bg4 Nh7 54. Ka6 Nf6 55. Bf3 Nd7 56. Kb5 Ne5 57. Be4 Nf7 58. Kc4 Kd6 59. Bg6
Ne5+ 60. Kb5 Kc7 61. a5 bxa5 62. Kxc5 1-0

[Event "Philadelphia NCC"]
[Site "Philadelphia USA"]
[Date "2002.11.29"]
[Round "2"]
[White "Dean, Jim"]
[Black "Kriventsov, Stanislav"]
[Result "0-1"]
[WhiteElo "2243"]
[BlackElo "2438"]
[PlyCount "50"]
[EventDate "2002.11.29"]
[EventType "swiss"]
[EventRounds "6"]
[EventCountry "USA"]
[Source "ChessBase"]
[SourceDate "2003.01.09"]

1. d4 Nf6 2. c4 g6 3. Nc3 d5 4. Nf3 Bg7 5. Bg5 Ne4 6. cxd5 Nxg5 7. Nxg5 e6 8.
Nf3 exd5 9. e3 Qd6 10. Bd3 O-O 11. O-O c6 12. Rb1 a5 13. a3 Nd7 14. b4 axb4 15.
axb4 b5 16. Qc2 Nb6 17. e4 Bg4 18. e5 Qe7 19. Nd2 Nc4 20. Bxc4 bxc4 21. Rb2 Qa7
22. b5 Qxd4 23. bxc6 Qxe5 24. Rc1 Bf5 25. Qd1 Ra3 0-1

[Event "Richard Aronow mem"]
[Site "Philadelphia USA"]
[Date "2002.07.12"]
[Round "1"]
[White "Lapshun, Yury"]
[Black "Kriventsov, Stanislav"]
[Result "1/2-1/2"]
[WhiteElo "2393"]
[BlackElo "2443"]
[PlyCount "24"]
[EventDate "2002.07.12"]
[EventType "tourn"]
[EventRounds "9"]
[EventCountry "USA"]
[EventCategory "6"]
[Source "Mark Crowther"]
[SourceDate "2002.07.22"]

1. d4 d5 2. c4 c6 3. cxd5 cxd5 4. Nc3 Nc6 5. Nf3 Nf6 6. Bf4 Bf5 7. e3 e6 8. Bd3
Bxd3 9. Qxd3 Bd6 10. Bxd6 Qxd6 11. O-O O-O 12. Rfc1 Rac8 1/2-1/2

[Event "Richard Aronow mem"]
[Site "Philadelphia USA"]
[Date "2002.07.14"]
[Round "3"]
[White "Kriventsov, Stanislav"]
[Black "Adu, Oladapo"]
[Result "1-0"]
[WhiteElo "2443"]
[BlackElo "2263"]
[PlyCount "67"]
[EventDate "2002.07.12"]
[EventType "tourn"]
[EventRounds "9"]
[EventCountry "USA"]
[EventCategory "6"]
[Source "Mark Crowther"]
[SourceDate "2002.07.22"]

1. e4 c5 2. Nf3 d6 3. d4 cxd4 4. Nxd4 Nf6 5. Nc3 a6 6. Be3 Ng4 7. Bg5 h6 8. Bh4
g5 9. Bg3 Bg7 10. Be2 Ne5 11. O-O Nbc6 12. Nf5 Bxf5 13. exf5 Nd4 14. Bd3 Rc8
15. Nd5 Qa5 16. Be4 Ndc6 17. c3 Nd7 18. Re1 Kf8 19. Nxe7 Nxe7 20. Bxb7 Ne5 21.
f6 Rd8 22. fxg7+ Kxg7 23. Qe2 N7g6 24. Qxa6 Qc7 25. Bd5 Nf4 26. Bxf4 gxf4 27.
Qa4 f3 28. Bxf3 Rb8 29. Re2 Nc4 30. b3 Ne5 31. Qd4 Rhc8 32. c4 Qe7 33. Bd5 Qf6
34. Rd1 1-0

[Event "Richard Aronow mem"]
[Site "Philadelphia USA"]
[Date "2002.07.15"]
[Round "4"]
[White "Zaichik, Gennadi"]
[Black "Kriventsov, Stanislav"]
[Result "1-0"]
[WhiteElo "2516"]
[BlackElo "2443"]
[PlyCount "123"]
[EventDate "2002.07.12"]
[EventType "tourn"]
[EventRounds "9"]
[EventCountry "USA"]
[EventCategory "6"]
[Source "Mark Crowther"]
[SourceDate "2002.07.22"]

1. Nf3 Nf6 2. c4 c5 3. Nc3 Nc6 4. d4 cxd4 5. Nxd4 e6 6. g3 Qb6 7. Nb3 Ne5 8. e4
Bb4 9. Qe2 d6 10. f4 Nc6 11. Bg2 O-O 12. Be3 Bxc3+ 13. bxc3 Qc7 14. c5 dxc5 15.
Bxc5 Na5 16. Bd4 Nc6 17. Bc5 Na5 18. Bd4 Nc6 19. e5 Nxd4 20. cxd4 Nd5 21. O-O
Rd8 22. Rfc1 Qe7 23. Na5 Qb4 24. Nc4 Nc3 25. Qd3 Nb5 26. Rab1 Qa4 27. Ne3 Nxd4
28. Nc4 Qxa2 29. Rb2 Qa6 30. Rd2 Rd7 31. Qc3 Nc6 32. Rb2 Rc7 33. Nd6 Bd7 34.
Bf1 b5 35. Rxb5 Qa4 36. Rb2 a6 37. Qe3 Rca7 38. Bg2 g6 39. Rbc2 Qd4 40. Rc3
Qxe3+ 41. Rxe3 Nb4 42. Bxa8 Rxa8 43. Rb3 a5 44. Rc7 Be8 45. Rbc3 Kg7 46. Rc8
Rxc8 47. Rxc8 Bc6 48. Rc7 a4 49. Rxf7+ Kg8 50. Ra7 Nc2 51. Kf2 h6 52. Ke2 Nd4+
53. Ke3 Nc2+ 54. Kd2 Nd4 55. Kc3 Nf3 56. h4 g5 57. hxg5 hxg5 58. f5 exf5 59. e6
f4 60. gxf4 g4 61. Nf5 Nh2 62. Ne7+ 1-0

[Event "Richard Aronow mem"]
[Site "Philadelphia USA"]
[Date "2002.07.18"]
[Round "6"]
[White "Gersov, Evgeny"]
[Black "Kriventsov, Stanislav"]
[Result "0-1"]
[WhiteElo "2351"]
[BlackElo "2443"]
[PlyCount "84"]
[EventDate "2002.07.12"]
[EventType "tourn"]
[EventRounds "9"]
[EventCountry "USA"]
[EventCategory "6"]
[Source "Mark Crowther"]
[SourceDate "2002.07.22"]

1. c4 e5 2. Nc3 Nc6 3. g3 g6 4. Bg2 Bg7 5. d3 d6 6. e4 Nh6 7. Nge2 O-O 8. O-O
Be6 9. Rb1 a5 10. h3 Qd7 11. Kh2 f5 12. Nd5 fxe4 13. dxe4 Kh8 14. Be3 Rf7 15.
b3 Raf8 16. Qd2 Ng8 17. f4 Qd8 18. g4 exf4 19. Ndxf4 Bc8 20. Kg1 Nf6 21. Nd4
Nxd4 22. Bxd4 b6 23. g5 Ne8 24. Bxg7+ Nxg7 25. h4 Qe8 26. Nd5 Qe5 27. Qc3 Qxc3
28. Nxc3 Bb7 29. Rxf7 Rxf7 30. Rf1 Kg8 31. Nd5 Bxd5 32. exd5 Rxf1+ 33. Bxf1 Nf5
34. h5 gxh5 35. Bd3 Ne7 36. Kg2 Kg7 37. Kg3 h6 38. gxh6+ Kxh6 39. Be4 Kg5 40.
a3 Nf5+ 41. Kh3 Kf4 42. Bb1 Ke5 0-1

[Event "Richard Aronow mem"]
[Site "Philadelphia USA"]
[Date "2002.07.19"]
[Round "7"]
[White "Kriventsov, Stanislav"]
[Black "Smith, Bryan"]
[Result "1/2-1/2"]
[WhiteElo "2443"]
[BlackElo "2412"]
[PlyCount "21"]
[EventDate "2002.07.12"]
[EventType "tourn"]
[EventRounds "9"]
[EventCountry "USA"]
[EventCategory "6"]
[Source "Mark Crowther"]
[SourceDate "2002.07.22"]

1. e4 e6 2. d4 d5 3. exd5 exd5 4. Nf3 Bd6 5. Bd3 Ne7 6. O-O Bg4 7. Re1 Nbc6 8.
c3 Qd7 9. Nbd2 O-O 10. Nf1 Bf5 11. Ng3 1/2-1/2

[Event "US Masters"]
[Site "Chicago USA"]
[Date "2002.03.02"]
[Round "5"]
[White "Kriventsov, Stanislav"]
[Black "Wojtkiewicz, Aleksander"]
[Result "0-1"]
[WhiteElo "2415"]
[BlackElo "2535"]
[PlyCount "64"]
[EventDate "2002.02.28"]
[EventType "swiss"]
[EventRounds "7"]
[EventCountry "USA"]
[Source "Mark Crowther"]
[SourceDate "2002.03.11"]

1. e4 c5 2. Nf3 d6 3. d4 cxd4 4. Nxd4 Nf6 5. Nc3 a6 6. f3 e6 7. Be3 b5 8. Qd2
Nbd7 9. g4 Nb6 10. O-O-O Bb7 11. Qf2 Nfd7 12. Nb3 Rc8 13. Kb1 Be7 14. h4 O-O
15. g5 Rxc3 16. bxc3 Na4 17. Bd2 Qc7 18. Qe3 Rc8 19. Be1 Ne5 20. Ka1 d5 21. f4
Ng6 22. f5 exf5 23. exd5 Nf4 24. c4 bxc4 25. Bxc4 Qxc4 26. Qxe7 Qxc2 27. Rb1
Nc3 28. Bxc3 Qxc3+ 29. Rb2 Nd3 30. Rhb1 Bxd5 31. Qd7 Be6 32. Qb7 g6 0-1

[Event "Donald Byrne mem"]
[Site "Penn State USA"]
[Date "2002.02.20"]
[Round "1"]
[White "Kriventsov, Stanislav"]
[Black "Rogers, Norman"]
[Result "0-1"]
[WhiteElo "2415"]
[BlackElo "2333"]
[PlyCount "144"]
[EventDate "2002.02.20"]
[EventType "tourn"]
[EventRounds "9"]
[EventCountry "USA"]
[EventCategory "4"]
[Source "Mark Crowther"]
[SourceDate "2002.02.25"]

1. e4 c6 2. d4 d5 3. Nc3 g6 4. h3 Bg7 5. Nf3 Nf6 6. Bd3 dxe4 7. Nxe4 Nxe4 8.
Bxe4 O-O 9. O-O Nd7 10. c3 c5 11. Bg5 cxd4 12. Nxd4 a6 13. Re1 Nf6 14. Bc2 Qc7
15. Qf3 Re8 16. Bxf6 Bxf6 17. Qxf6 exf6 18. Rxe8+ Kg7 19. Rae1 Rb8 20. R1e7 Qf4
21. g4 Bxg4 22. Re4 Qg5 23. hxg4 Rxe8 24. Rxe8 f5 25. Bb3 fxg4 26. Ne2 h5 27.
Re4 h4 28. Rf4 f5 29. Bc4 Qe7 30. b4 h3 31. Rd4 g5 32. Bd3 Qe6 33. Ng3 Qe1+ 34.
Nf1 Qxc3 35. Rd5 Kf6 36. Rxf5+ Ke6 37. Be4 Qe1 38. Bd3 Qd1 39. Be4 h2+ 40. Kxh2
Qxf1 41. Rf8 Ke7 42. Rf5 Ke6 43. Rf8 Qc4 44. Bg2 Qxb4 45. Re8+ Kf5 46. Re2 Qd6+
47. Kg1 Qd1+ 48. Bf1 b5 49. Re3 Kf4 50. Ra3 Qd4 51. Re3 Qd1 52. Ra3 Qd4 53. Re3
Kf5 54. Ra3 b4 55. Rd3 Qc5 56. Bg2 Kf6 57. Rd5 Qb6 58. Rd3 Qc5 59. Rd5 Qc7 60.
Rd3 a5 61. Bf1 Qc2 62. Rd5 Qxa2 63. Rb5 b3 64. Rb6+ Ke5 65. Rb5+ Kd4 66. Rxg5
b2 67. Rxg4+ Ke5 68. Bd3 b1=Q+ 69. Bxb1 Qxb1+ 70. Kh2 Qf5 71. Kg3 Qxg4+ 72.
Kxg4 a4 0-1

[Event "Donald Byrne mem"]
[Site "Penn State USA"]
[Date "2002.02.21"]
[Round "2"]
[White "Muhammad, Stephen"]
[Black "Kriventsov, Stanislav"]
[Result "0-1"]
[WhiteElo "2317"]
[BlackElo "2415"]
[PlyCount "68"]
[EventDate "2002.02.20"]
[EventType "tourn"]
[EventRounds "9"]
[EventCountry "USA"]
[EventCategory "4"]
[Source "Mark Crowther"]
[SourceDate "2002.02.25"]

1. d4 Nf6 2. Nf3 g6 3. c4 Bg7 4. Nc3 d5 5. Bg5 Ne4 6. cxd5 Nxg5 7. Nxg5 e6 8.
Qa4+ Bd7 9. Qb3 Qxg5 10. Qxb7 O-O 11. Qxa8 Nc6 12. h4 Qh6 13. Qb7 Nxd4 14. Kd1
exd5 15. Qxd5 Bf5 16. e3 Bf6 17. Ne4 Qg7 18. Bc4 Be6 19. Qc5 Rd8 20. Nd2 Bg4+
21. f3 Bxf3+ 22. gxf3 Nxf3 23. Bd5 Nxd2 24. Ke2 Bxb2 25. Rad1 Bc3 26. Rc1 Ne4
27. Bxe4 Rd2+ 28. Kf3 Qf6+ 29. Bf5 Be5 30. e4 Bd4 31. Qc6 Rf2+ 32. Kg4 gxf5+
33. Kh3 Rf3+ 34. Kg2 Qg7+ 0-1

[Event "Donald Byrne mem"]
[Site "Penn State USA"]
[Date "2002.02.23"]
[Round "3"]
[White "Kriventsov, Stanislav"]
[Black "Formanek, Edward"]
[Result "1-0"]
[WhiteElo "2415"]
[BlackElo "2300"]
[PlyCount "59"]
[EventDate "2002.02.20"]
[EventType "tourn"]
[EventRounds "9"]
[EventCountry "USA"]
[EventCategory "4"]
[Source "Mark Crowther"]
[SourceDate "2002.02.25"]

1. e4 e6 2. d4 d5 3. Nc3 Bb4 4. e5 Ne7 5. a3 Bxc3+ 6. bxc3 b6 7. Qg4 Ng6 8. h4
h5 9. Qd1 Ba6 10. Bxa6 Nxa6 11. Bg5 f6 12. Qd3 Kf7 13. Rh3 Nb8 14. Rf3 Nd7 15.
exf6 gxf6 16. Nh3 Qe7 17. Kf1 Rag8 18. Re1 Ke8 19. Nf4 Nxf4 20. Bxf4 Nf8 21.
Qa6 c6 22. c4 Qd7 23. cxd5 cxd5 24. Rc3 e5 25. dxe5 Ne6 26. exf6 Kf7 27. Rce3
Re8 28. Bg5 Nc5 29. Rxe8 Rxe8 30. Rxe8 1-0

[Event "Donald Byrne mem"]
[Site "Penn State USA"]
[Date "2002.02.23"]
[Round "5"]
[White "Kriventsov, Stanislav"]
[Black "Adu, Oladapo"]
[Result "1/2-1/2"]
[WhiteElo "2415"]
[BlackElo "2239"]
[PlyCount "101"]
[EventDate "2002.02.20"]
[EventType "tourn"]
[EventRounds "9"]
[EventCountry "USA"]
[EventCategory "4"]
[Source "Mark Crowther"]
[SourceDate "2002.02.25"]

1. e4 c5 2. Nf3 d6 3. d4 cxd4 4. Nxd4 Nf6 5. Nc3 a6 6. f3 Qb6 7. Nb3 e6 8. Qe2
Nc6 9. Be3 Qc7 10. g4 b5 11. O-O-O Bb7 12. Qf2 Nd7 13. Kb1 Rc8 14. h4 Nce5 15.
Rc1 b4 16. Na4 Be7 17. Nb6 Rb8 18. Nxd7 Nxd7 19. c3 bxc3 20. Rxc3 Qd8 21. g5
O-O 22. Bd3 a5 23. Rhc1 a4 24. Nd4 d5 25. exd5 Bxd5 26. Be4 Ne5 27. Bf4 Bxe4+
28. fxe4 Qa5 29. Qc2 Rb7 30. Bxe5 Qxe5 31. Nc6 Qf4 32. Nxe7+ Rxe7 33. Qxa4 Qxh4
34. Rc8 f5 35. gxf6 Qxf6 36. Qa8 Ref7 37. a4 Qd4 38. Ka1 g5 39. Qc6 Kg7 40.
Rxf8 Rxf8 41. Qxe6 Qxa4+ 42. Kb1 Qa5 43. Rh1 h5 44. Qd7+ Rf7 45. Qd4+ Kg6 46.
e5 g4 47. Rc1 Rf3 48. Qd6+ Kg5 49. Qe7+ Kf4 50. Qh4 Qb5 51. Qxh5 1/2-1/2

[Event "Donald Byrne mem"]
[Site "Penn State USA"]
[Date "2002.02.24"]
[Round "6"]
[White "Schneider, Igor"]
[Black "Kriventsov, Stanislav"]
[Result "0-1"]
[WhiteElo "2331"]
[BlackElo "2415"]
[PlyCount "86"]
[EventDate "2002.02.20"]
[EventType "tourn"]
[EventRounds "9"]
[EventCountry "USA"]
[EventCategory "4"]
[Source "Mark Crowther"]
[SourceDate "2002.02.25"]

1. e4 c5 2. Nf3 e6 3. Nc3 a6 4. d4 cxd4 5. Nxd4 b5 6. Bd3 Qb6 7. Nb3 Qc7 8. O-O
Nf6 9. a4 b4 10. Ne2 Bb7 11. Ng3 h5 12. Re1 h4 13. Nf1 h3 14. g3 Be7 15. Bf4 d6
16. c3 bxc3 17. Rc1 e5 18. Bg5 Qd7 19. Bxf6 cxb2 20. Rc3 gxf6 21. Na5 Bc6 22.
Nxc6 Nxc6 23. Rb3 Bd8 24. Ne3 Nd4 25. Rxb2 Kf8 26. Rf1 Qc6 27. Bc4 Rc8 28. Bd5
Qc3 29. Rb7 Be7 30. Qg4 Re8 31. Rfb1 Qa3 32. a5 Qxa5 33. Nc4 f5 34. Qd1 Qc5 35.
Rb8 fxe4 36. Rxe8+ Kxe8 37. Rb8+ Bd8 38. Qa4+ Ke7 39. Rb7+ Bc7 40. Qxa6 Qxd5
41. Rxc7+ Ke6 42. Qa4 Ra8 43. Qd7+ Kf6 0-1

[Event "Donald Byrne mem"]
[Site "Penn State USA"]
[Date "2002.02.24"]
[Round "8"]
[White "Kriventsov, Stanislav"]
[Black "Simpson, Ronald"]
[Result "1-0"]
[WhiteElo "2415"]
[BlackElo "2290"]
[PlyCount "115"]
[EventDate "2002.02.20"]
[EventType "tourn"]
[EventRounds "9"]
[EventCountry "USA"]
[EventCategory "4"]
[Source "Mark Crowther"]
[SourceDate "2002.02.25"]

1. e4 d5 2. exd5 Qxd5 3. Nc3 Qa5 4. d4 Nf6 5. Nf3 Bf5 6. Bc4 e6 7. Bd2 c6 8.
Nd5 Qd8 9. Nxf6+ Qxf6 10. Qe2 h6 11. O-O-O Be7 12. Ne5 Nd7 13. g4 Bh7 14. f4
Bd6 15. g5 Qe7 16. g6 Bxe5 17. gxf7+ Qxf7 18. fxe5 O-O-O 19. Rhf1 Qe7 20. Bb3
Nb6 21. Ba5 Rhf8 22. Qd2 Rxf1 23. Rxf1 Bf5 24. Bb4 Qh4 25. Bd6 Qg5 26. Qxg5
hxg5 27. Rxf5 exf5 28. Be6+ Rd7 29. Bxf5 Kd8 30. Bxd7 Kxd7 31. Bc5 Nd5 32. Kd2
b6 33. Bf8 g6 34. c4 Nf4 35. Bh6 Nh3 36. Ke3 Ke6 37. Bg7 g4 38. Bf6 g5 39. b4
b5 40. d5+ cxd5 41. cxb5 d4+ 42. Kxd4 Ng1 43. Ke3 Nf3 44. a4 Nxh2 45. a5 g3 46.
b6 axb6 47. a6 Ng4+ 48. Kf3 g2 49. Kxg2 Ne3+ 50. Kg3 Nd5 51. a7 Nc7 52. Kg4 Kd7
53. Kxg5 Kc8 54. Kf5 Kb7 55. e6 Kxa7 56. e7 Kb7 57. Be5 Ne8 58. b5 1-0

[Event "Donald Byrne mem"]
[Site "Penn State USA"]
[Date "2002.02.25"]
[Round "9"]
[White "Chiong, Luiz"]
[Black "Kriventsov, Stanislav"]
[Result "0-1"]
[WhiteElo "2364"]
[BlackElo "2415"]
[PlyCount "88"]
[EventDate "2002.02.20"]
[EventType "tourn"]
[EventRounds "9"]
[EventCountry "USA"]
[EventCategory "4"]
[Source "Mark Crowther"]
[SourceDate "2002.02.25"]

1. d4 Nf6 2. c4 g6 3. d5 Bg7 4. Nc3 d6 5. e4 c6 6. h3 O-O 7. Bd3 b5 8. cxb5
cxb5 9. a3 Nbd7 10. Nf3 Nc5 11. O-O a5 12. Be3 Ba6 13. b4 Nfd7 14. Bd4 Bxd4 15.
Nxd4 Nxd3 16. Nc6 Nxf2 17. Rxf2 Qe8 18. bxa5 Ne5 19. Nxe5 dxe5 20. Qb3 Rc8 21.
d6 exd6 22. Rd1 Qd8 23. Nd5 Kg7 24. Nb6 Rc6 25. Qb4 Qc7 26. Rdf1 Rc1 27. Kh2
Rxf1 28. Rxf1 Bb7 29. Rd1 Qc2 30. Qxd6 Qxe4 31. Rd2 Re8 32. Nd7 Bc6 33. Nc5
Qf4+ 34. Kg1 Ba8 35. Rf2 Qg5 36. Nd7 Re7 37. Kh2 h5 38. a6 h4 39. a7 Re8 40.
Nb6 Re6 41. Qxe6 fxe6 42. Nxa8 Qg3+ 43. Kg1 Qxa3 44. Nc7 Qxa7 0-1

[Event "National Chess Congress"]
[Site "Philadelphia USA"]
[Date "2001.11.23"]
[Round "2"]
[White "Formanek, Edward"]
[Black "Kriventsov, Stanislav"]
[Result "0-1"]
[WhiteElo "2294"]
[BlackElo "2385"]
[PlyCount "52"]
[EventDate "2001.11.23"]
[EventType "swiss"]
[EventRounds "6"]
[EventCountry "USA"]
[Source "Mark Crowther"]
[SourceDate "2001.12.03"]

1. e4 c5 2. Nf3 e6 3. d4 cxd4 4. Nxd4 a6 5. Bd3 Nf6 6. O-O Qc7 7. c4 d6 8. b3
Nbd7 9. Bb2 Be7 10. Nc3 O-O 11. Kh1 Nc5 12. Bc2 b6 13. Qf3 Bb7 14. Rae1 Rad8
15. Qh3 g6 16. f4 e5 17. fxe5 dxe5 18. Nf3 Nd3 19. Bxd3 Rxd3 20. Qg3 Bb4 21.
Qh4 Qe7 22. Rc1 Nxe4 23. Qxe7 Bxe7 24. Nxe4 Bxe4 25. Bxe5 Bc5 26. Rc3 f6 0-1

[Event "USA-op"]
[Site "Framingham USA"]
[Date "2001.08.10"]
[Round "7"]
[White "Kriventsov, Stanislav"]
[Black "Atalik, Suat"]
[Result "1/2-1/2"]
[WhiteElo "2345"]
[BlackElo "2537"]
[PlyCount "89"]
[EventDate "2001.08.04"]
[EventType "swiss"]
[EventRounds "9"]
[EventCountry "USA"]
[Source "ChessBase"]
[SourceDate "2001.09.11"]

1. e4 e6 2. d4 d5 3. Nc3 Nf6 4. Bg5 Be7 5. e5 Nfd7 6. Bxe7 Qxe7 7. f4 a6 8. Nf3
c5 9. dxc5 Qxc5 10. Qd4 Qxd4 11. Nxd4 g5 12. g3 Nc6 13. Nce2 Rg8 14. Kf2 Nc5
15. Ke3 Bd7 16. Nf3 h6 17. h4 Ne4 18. hxg5 hxg5 19. fxg5 Rc8 20. Kf4 Nb4 21.
Ned4 Nxc2 22. Rc1 Nxd4 23. Rxc8+ Bxc8 24. Nxd4 Nxg5 25. Bd3 Ke7 26. Rh6 Bd7 27.
a3 a5 28. Nb3 a4 29. Nd4 Bc6 30. Rh5 Ne4 31. Bxe4 dxe4 32. Nxc6+ bxc6 33. Rh2
f5 34. exf6+ Kxf6 35. Rc2 e3 36. Kf3 Ke5 37. Rxc6 Rb8 38. Rc4 Rxb2 39. Rxa4 Kd5
40. Re4 e5 41. Rxe3 Kd4 42. Re4+ Kd5 43. Re2 Rb3+ 44. Re3 e4+ 45. Kf2 1/2-1/2

[Event "USA-op"]
[Site "Framingham USA"]
[Date "2001.08.11"]
[Round "8"]
[White "Kriventsov, Stanislav"]
[Black "Danilovic, Milorad"]
[Result "1-0"]
[WhiteElo "2345"]
[BlackElo "2131"]
[PlyCount "119"]
[EventDate "2001.08.04"]
[EventType "swiss"]
[EventRounds "9"]
[EventCountry "USA"]
[Source "Mark Crowther"]
[SourceDate "2001.08.20"]

1. e4 e5 2. Nf3 Nc6 3. Bb5 Nd4 4. Nxd4 exd4 5. Bc4 c6 6. O-O Nf6 7. Qe2 d6 8.
f4 Be7 9. d3 O-O 10. Bb3 Be6 11. Nd2 Bxb3 12. axb3 b5 13. Nf3 Qb6 14. Nh4 Rfe8
15. Nf5 Bf8 16. Qf2 c5 17. Qh4 Kh8 18. Rf3 d5 19. e5 Ng8 20. Rh3 h6 21. Bd2 f6
22. Qg3 fxe5 23. fxe5 Re6 24. Nh4 Be7 25. Nf3 Rf8 26. Qg4 a6 27. Rg3 Rf7 28.
Rf1 Bf8 29. Rf2 Rc6 30. Re2 Re6 31. Rf2 Rc6 32. Re2 Re6 33. Nh4 Ne7 34. Rf3
Rxf3 35. Qxf3 Qb8 36. Rf2 Qxe5 37. Qxf8+ Kh7 38. Qf7 a5 39. Nf5 Nxf5 40. Qxf5+
Qxf5 41. Rxf5 Re2 42. Rf2 Re6 43. Bxa5 Ra6 44. b4 cxb4 45. Bxb4 Ra2 46. c3 Ra1+
47. Rf1 Ra2 48. Rc1 Kg6 49. Bc5 Kf5 50. Bxd4 g6 51. Kf2 h5 52. Ke3 g5 53. Kd2
Ra6 54. Rf1+ Kg4 55. Rf3 h4 56. h3+ Kh5 57. Rf5 Kg6 58. Rxd5 b4 59. Rb5 Ra8 60.
Bc5 1-0

[Event "USA-op"]
[Site "Framingham USA"]
[Date "2001.08.12"]
[Round "9"]
[White "Stripunsky, Alexander"]
[Black "Kriventsov, Stanislav"]
[Result "1-0"]
[WhiteElo "2514"]
[BlackElo "2345"]
[PlyCount "75"]
[EventDate "2001.08.04"]
[EventType "swiss"]
[EventRounds "9"]
[EventCountry "USA"]
[Source "Mark Crowther"]
[SourceDate "2001.03.09"]

1. e4 c5 2. Nf3 e6 3. d3 d5 4. Nbd2 Nc6 5. g3 Bd6 6. Bg2 Nge7 7. O-O O-O 8. Nh4
Bc7 9. f4 f5 10. exd5 exd5 11. Ndf3 Qd6 12. Re1 Bd7 13. Be3 d4 14. Bf2 Rae8 15.
c3 h6 16. cxd4 cxd4 17. Qb3+ Kh7 18. Re2 Bb6 19. Rae1 Ba5 20. Nd2 Bxd2 21. Rxd2
Na5 22. Qd1 Ng6 23. Nf3 Rxe1+ 24. Qxe1 Nc6 25. Re2 b6 26. a3 b5 27. h3 a5 28.
h4 a4 29. h5 Nge7 30. Ne5 Nd5 31. Nxc6 Bxc6 32. Re6 Qc5 33. Qe5 Qc1+ 34. Kh2
Qc2 35. Bxd4 Rf6 36. Rxc6 Qxc6 37. Bxd5 Qd7 38. Bc5 1-0